|
|
|
|
| LEADER |
00000nam0a2200000 4500 |
| 001 |
149069 |
| 005 |
20231031145722.0 |
| 010 |
|
|
|a 9785911805500
|
| 035 |
|
|
|a (RuTPU)RU\TPU\book\161609
|
| 090 |
|
|
|a 149069
|
| 100 |
|
|
|a 20081211d2008 m y0rusy50 ca
|
| 101 |
0 |
|
|a rus
|
| 102 |
|
|
|a RU
|
| 105 |
|
|
|a a j 001zy
|
| 200 |
1 |
|
|a Способы автономного выживания человека в природе
|e учебник
|f Л. А. Михайлов [и др.]
|g под ред. Л. А. Михайлова
|
| 210 |
|
|
|a СПб.
|c Питер
|d 2008
|
| 215 |
|
|
|a 271 с.
|c ил.
|
| 225 |
1 |
|
|a Учебник для вузов
|
| 318 |
|
|
|5 63413507
|a Безопасность жизнедеятельности. Охрана окружающей среды. Охрана труда
|b выставка
|
| 320 |
|
|
|a Список литературы: с. 267-270.
|
| 330 |
|
|
|a В учебнике систематизированы основные правила, нормы, закономерности и способы обеспечения безопасности жизни в условиях автономного выживания человека в природе. Учебник составлен на базе большого теоретического и практического материала, разработанного группой ветеранов спецназа, участников боевых действий, психологов, изучающих влияние экстремальных ситуаций на человека, педагогов учебных заведений высшего, среднего профессионального образования и учителей общеобразовательной школы. Он предназначен для студентов, обучающихся организации обеспечения безопасности человека в чрезвычайных ситуациях, специалистов силовых структур и спасателей, а также для жителей нашей страны, проживающих в отдаленных регионах и в районах, подверженных риску нахождения в автономном состоянии ввиду экстремальных природных условий. Излагаемый в учебнике материал может быть полезен спортсменам, туристам, работникам лесных и рыбных хозяйств и всем тем, кто увлекается лесным промыслом. Издание является фундаментальным для подготовки специалистов безопасности, бакалавров по профилю «Безопасность жизнедеятельности», курсантов и слушателей всех высших учебных заведений силовых структур.
|
| 610 |
1 |
|
|a безопасность жизнедеятельности
|
| 610 |
1 |
|
|a автономное выживание
|
| 610 |
1 |
|
|a голодание
|
| 610 |
1 |
|
|a питание
|
| 610 |
1 |
|
|a климатические условия
|
| 610 |
1 |
|
|a географические условия
|
| 610 |
1 |
|
|a экстремальные ситуации
|
| 610 |
1 |
|
|a заболевания
|
| 610 |
1 |
|
|a первая медицинская помощь
|
| 610 |
1 |
|
|a ориентирование на местности
|
| 610 |
1 |
|
|a туристические походы
|
| 610 |
1 |
|
|a привалы
|
| 610 |
1 |
|
|a костры
|
| 610 |
1 |
|
|a очаги
|
| 610 |
1 |
|
|a укрытия
|
| 610 |
1 |
|
|a учебники
|
| 610 |
1 |
|
|a человек
|
| 610 |
1 |
|
|a природа
|
| 610 |
1 |
|
|a чрезвычайные ситуации
|
| 675 |
|
|
|a 614.8(075.8)
|v 3
|
| 701 |
|
1 |
|a Михайлов
|b Л. А.
|g Леонид Александрович
|
| 701 |
|
1 |
|a Михайлов
|b А. Л.
|
| 701 |
|
1 |
|a Сопко
|b Г. И.
|
| 701 |
|
1 |
|a Маликова
|b Т. В.
|
| 702 |
|
1 |
|a Михайлов
|b Л. А.
|g Леонид Александрович
|4 340
|
| 801 |
|
1 |
|a RU
|b 63413507
|c 20081211
|g PSBO
|
| 801 |
|
2 |
|a RU
|b 63413507
|c 20120502
|g PSBO
|
| 942 |
|
|
|c BK
|